000 01124nam0a22002651 4500
001 rc\4754293
005 20130417094434.0
021 _aRU
_b[64-43146]
035 _a(NLR Aleph) 009012712
090 _a9378075
_c9378075
100 _a20130417d1964 |||y0rusy50 ca
101 0 _arus
102 _aRU
105 _ay z |||||
200 1 _aЛечение переломов голени в свете отдаленных результатов
_e[Метод. письмо
_eУтв. 23/XII 1963 г.
_fСост. К.Г. Выренковой]
_gИван. мед. ин-т. Госпит. хирургич. клиника. Обл. госпиталь инвалидов Отечеств. войны
210 _aИваново
_cБ. и.
_d1964
215 _a18 с.
_d21
606 _aГолень
_xПереломы
_xЛечение
_2psbo
702 1 _aВыренкова
_bК. Г.
_4220
712 0 2 _aИвановский государственный медицинский институт
_3RU\NLR\AUTH\8814997
801 0 _aRU
_bNLR
_gpsbo
801 1 _aRU
_bELAR
_2rusmarc
852 _aNLR
_j64-4/9364
942 _cBOOK
980 _aNB